| 000 | 00000nam 2200000zi 4500 |
| 001 | 9.934216 |
| 003 | CaOODSP |
| 005 | 20241213110454 |
| 006 | m o d f |
| 007 | cr mn||||||||| |
| 008 | 240220s1974 onca ob f000 0 eng d |
| 040 | |aCaOODSP|beng|erda|cCaOODSP |
| 043 | |an-cn--- |
| 086 | 1 |aId32-8/1974E-PDF |
| 245 | 00|aExport opportunity survey for the products of the Canadian manufactured homes industry. |
| 264 | 1|aOttawa, Canada : |bManufactured Wood Products Division, Resource Industries and Construction Branch, Department of Industry, Trade and Commerce, |c1974. |
| 300 | |a1 online resource (47 pages, 2 unnumbered pages) : |billustration |
| 336 | |atext|btxt|2rdacontent |
| 337 | |acomputer|bc|2rdamedia |
| 500 | |aIssued also in French under title: Industrie canadienne de maisons préfabriquées : étude des possibilités d'exportation. |
| 500 | |aDigitized edition from print [produced by Innovation, Science and Economic Development Canada]. |
| 504 | |aIncludes bibliographical references (page 47). |
| 650 | 0|aPrefabricated house industry|zCanada. |
| 650 | 0|aMobile home industry|zCanada. |
| 650 | 0|aModular construction industry|zCanada. |
| 650 | 0|aBuilding materials industry|zCanada. |
| 650 | 0|aMarket surveys. |
| 651 | 0|aCanada|xCommerce. |
| 710 | 1 |aCanada. |bDepartment of Industry, Trade and Commerce. |bManufactured Wood Products Division, |eissuing body. |
| 775 | 08|tIndustrie canadienne de maisons préfabriquées : |w(CaOODSP)9.945758 |
| 856 | 40|qPDF|s1.44 MB|uhttps://publications.gc.ca/collections/collection_2024/isde-ised/Id32-8-1974-eng.pdf |